| 000 | 00535nam a2200193 i 4500 | ||
|---|---|---|---|
| 001 | 94606 | ||
| 003 | ES-MaACL | ||
| 005 | 20230906181523.0 | ||
| 007 | t| | ||
| 008 | 050510s1972 sp |||| | spa d | ||
| 080 | _a821.133.1-14"18" | ||
| 100 | 1 |
_aLouys, Pierre. _9139378 |
|
| 245 | 1 | 4 |
_aLas canciones de Bilitis / _cPierre Louys; traducción de Carolina d'Antin. |
| 250 | _a1ª ed. | ||
| 260 |
_aBarcelona : _bBarral, _c1972. |
||
| 300 |
_a181 p. ; _c20 cm. |
||
| 700 | 1 |
_aD'Antin, Carolina. _942352 |
|
| 852 |
_aES-MaACL _jC-49296 |
||
| 999 |
_c94606 _d94606 |
||